000 00912nam a22001815i 4500
001 155260
003 ES-MaACL
005 20250913172550.0
008 001018s1884 be |||| | fre d
040 _aEXT
_bspa
_cEXT
245 0 0 _aPlaidoyers de MMes. D'Herbelot et Leven devant la Cour d'Appel de París des affairess correctionelles
_b: le consuel D'Espagne a Paris, Rodriguez-Rubi contre les auteurs d'une publication sur le mariage de fils du Maréchal Serrano.
260 _aBruxelles :
_b[s. n.],
_c1884 (
_fimprimerie & litographie Ad. Mertens)
300 _a71 p. ;
_c21 cm.
600 1 7 _aSerrano y Domínguez, Francisco,
_d1810-1885
_2
_9153059
600 1 4 _aMartínez de Campos, Mercedes.
_9153060
852 _aES-MaACL
_jT-362-F-6
_z-- Enc. hol.
_q-- Falto de la cub. original
_z-- Enc. en un vol. facticio
_x-- Edic.: precede al tít.: La défaite du Consul d'Espagne
999 _c155260
_d155260